[Event "Belgrade-chT2 Quality"]
[Site "Belgrade"]
[Date "2022.11.06"]
[Round "9.1"]
[White "Marinkovic, Slavisa"]
[Black "Savic, Nemanja"]
[Result "1/2-1/2"]
[WhiteElo "2351"]
[BlackElo "2173"]
[PlyCount "30"]
[EventDate "2022.10.15"]
[EventType "team-tourn"]
[EventRounds "13"]
[EventCountry "SRB"]
[SourceTitle "EXT 2024"]
[Source "ChessBase"]
[SourceDate "2023.10.10"]
[SourceVersion "1"]
[SourceVersionDate "2023.10.10"]
[SourceQuality "1"]
[WhiteTeam "Belgrade Vodovod"]
[BlackTeam "Batajnica"]
[WhiteTeamCountry "SRB"]
[BlackTeamCountry "SRB"]

1. e4 c6 2. d4 d5 3. Nc3 dxe4 4. Nxe4 Nf6 5. Nxf6+ exf6 6. c3 Bd6 7. Bd3 0-0 8. Ne2 Re8 9. Qc2 h5 10. Be3 Nd7 11. 0-0-0 Nf8 12. Kb1 Be6 13. c4 Rc8 14. Nc3 Bb4 15. Ne4 Be7 1/2-1/2

[Event "Belgrade-chT Quality"]
[Site "Belgrade"]
[Date "2021.10.24"]
[Round "4.1"]
[White "Marinkovic, Slavisa"]
[Black "Lajthajm, Borko"]
[Result "1/2-1/2"]
[WhiteElo "2381"]
[BlackElo "2361"]
[PlyCount "38"]
[EventDate "2021.10.16"]
[EventType "team-tourn"]
[EventRounds "11"]
[EventCountry "SRB"]
[SourceTitle "EXT 2023"]
[Source "ChessBase"]
[SourceDate "2022.10.05"]
[SourceVersion "1"]
[SourceVersionDate "2022.10.05"]
[SourceQuality "1"]
[WhiteTeam "Belgrade Vodovod"]
[BlackTeam "Belgrade Polet"]
[WhiteTeamCountry "SRB"]
[BlackTeamCountry "SRB"]

1. e4 c5 2. Nf3 a6 3. c3 d6 4. d4 Nd7 5. Bd3 e6 6. 0-0 Ne7 7. Re1 Ng6 8. a4 b6 9. Nbd2 Bb7 10. Nc4 Be7 11. h4 b5 12. axb5 axb5 13. Rxa8 Bxa8 14. Na3 c4 15. Bc2 Qa5 16. h5 Ngf8 17. d5 Nc5 18. Nd4 Nfd7 19. Ndxb5 Qxb5 1/2-1/2

[Event "Belgrade-chT Quality"]
[Site "Belgrade"]
[Date "2021.10.23"]
[Round "3.1"]
[White "Mikluc, Davorin"]
[Black "Marinkovic, Slavisa"]
[Result "1-0"]
[WhiteElo "2182"]
[BlackElo "2381"]
[PlyCount "76"]
[EventDate "2021.10.16"]
[EventType "team-tourn"]
[EventRounds "11"]
[EventCountry "SRB"]
[SourceTitle "EXT 2023"]
[Source "ChessBase"]
[SourceDate "2022.10.05"]
[SourceVersion "1"]
[SourceVersionDate "2022.10.05"]
[SourceQuality "1"]
[WhiteTeam "Belgrade Banjica"]
[BlackTeam "Belgrade Vodovod"]
[WhiteTeamCountry "SRB"]
[BlackTeamCountry "SRB"]

1. e4 c5 2. Nf3 d6 3. d4 cxd4 4. Nxd4 Nf6 5. Nc3 a6 6. Bg5 e6 7. f3 Be7 8. Qd2 h6 9. Be3 b5 10. 0-0-0 Bb7 11. a3 Nbd7 12. h4 h5 13. Bd3 Rc8 14. Kb1 Ne5 15. Bg5 0-0 16. Qe2 Qc7 17. f4 Neg4 18. Rh3 Rfe8 19. f5 e5 20. Nb3 Qb6 21. Rg3 d5 22. exd5 Rxc3 23. bxc3 Nxd5 24. Be4 Nf4 25. Bxf4 exf4 26. Bxb7 fxg3 27. Bf3 Ne3 28. Rd7 Nxf5 29. Bd5 Qf6 30. Qxh5 Rc8 31. Be4 g6 32. Qf3 Bxa3 33. h5 Re8 34. hxg6 fxg6 35. Nd4 Be7 36. Nxf5 gxf5 37. Qxg3+ Qg7 38. Bd5+ Kf8 1-0

[Event "Belgrade-chT"]
[Site "Belgrade"]
[Date "2016.10.16"]
[Round "8.5"]
[White "Marinkovic, Slavisa"]
[Black "Blagojevic, Dragisa"]
[Result "1/2-1/2"]
[WhiteElo "2388"]
[BlackElo "2462"]
[PlyCount "38"]
[EventDate "2016.10.08"]
[EventType "team-tourn"]
[EventRounds "13"]
[EventCountry "SRB"]
[SourceTitle "CBM 175 Extra"]
[Source "ChessBase"]
[SourceDate "2016.12.12"]
[SourceVersion "1"]
[SourceVersionDate "2016.12.12"]
[SourceQuality "1"]
[WhiteTeam "Belgrade Vodovod"]
[BlackTeam "Mirijevo"]
[WhiteTeamCountry "SRB"]
[BlackTeamCountry "SRB"]

1. e4 e5 2. Nf3 Nc6 3. d4 exd4 4. Nxd4 Nf6 5. Nc3 Bb4 6. Nxc6 bxc6 7. Bd3 0-0 8. 0-0 d5 9. exd5 cxd5 10. Bg5 c6 11. Qf3 Bd6 12. Rae1 h6 13. Bxf6 Qxf6 14. Qxf6 gxf6 15. Ne2 c5 16. Ng3 Rb8 17. b3 Be5 18. Nf5 Bxf5 19. Bxf5 a5 1/2-1/2

[Event "Belgrade-chT"]
[Site "Belgrade"]
[Date "2015.09.29"]
[Round "8.1"]
[White "Marinkovic, Slavisa"]
[Black "Andrijevic, Milan"]
[Result "1-0"]
[WhiteElo "2382"]
[BlackElo "2273"]
[PlyCount "101"]
[EventDate "2015.09.21"]
[EventType "team-tourn"]
[EventRounds "9"]
[EventCountry "SRB"]
[SourceTitle "CBM 168 Extra"]
[Source "ChessBase"]
[SourceDate "2015.10.29"]
[SourceVersion "1"]
[SourceVersionDate "2015.10.29"]
[SourceQuality "1"]
[WhiteTeam "Belgrade Vodovod"]
[BlackTeam "Romanticari"]
[WhiteTeamCountry "SRB"]
[BlackTeamCountry "SRB"]

1. e4 c5 2. Nf3 e6 3. d4 cxd4 4. Nxd4 a6 5. Bd3 Nf6 6. 0-0 e5 7. Bg5 h6 8. Bxf6 Qxf6 9. Nf5 d6 10. Ne3 Qd8 11. Nc3 Be7 12. Ncd5 Be6 13. c3 0-0 14. Qe2 Nd7 15. Rfd1 Bg5 16. Bc2 Bxd5 17. Nxd5 Nb6 18. g3 Nxd5 19. Rxd5 Qb6 20. Bb3 Qc6 21. Rad1 Be7 22. h4 a5 23. a3 Qc7 24. R5d3 Qb6 25. Bd5 Rac8 26. Rf3 Rc7 27. Rdd3 Qb5 28. Rxf7 Rxf7 29. Bxf7+ Kh8 30. Bd5 Qe8 31. c4 b5 32. Rc3 bxc4 33. Rxc4 Rxc4 34. Qxc4 g5 35. Bf7 Qf8 36. h5 Kg7 37. Bg6 Bd8 38. Qc6 Qe7 39. Bf5 Kf8 40. Bg6 Bc7 41. b4 axb4 42. axb4 Qd8 43. Kg2 Kg7 44. Bf5 Bb6 45. Be6 Kf6 46. Bg4 Kg7 47. Be6 Kf6 48. Bb3 Kg7 49. Qb7+ Kh8 50. Qf7 Bd4 51. Be6 1-0

[Event "Belgrade-chT"]
[Site "Belgrade"]
[Date "2015.09.23"]
[Round "3.1"]
[White "Kumic, Filip"]
[Black "Marinkovic, Slavisa"]
[Result "1/2-1/2"]
[WhiteElo "2292"]
[BlackElo "2382"]
[PlyCount "22"]
[EventDate "2015.09.21"]
[EventType "team-tourn"]
[EventRounds "9"]
[EventCountry "SRB"]
[SourceTitle "CBM 168 Extra"]
[Source "ChessBase"]
[SourceDate "2015.10.29"]
[SourceVersion "1"]
[SourceVersionDate "2015.10.29"]
[SourceQuality "1"]
[WhiteTeam "MZ Cirilo i Metodije"]
[BlackTeam "Belgrade Vodovod"]
[WhiteTeamCountry "SRB"]
[BlackTeamCountry "SRB"]

1. d4 Nf6 2. c4 e6 3. Nf3 b6 4. Nc3 Bb7 5. Bg5 d5 6. cxd5 exd5 7. e3 Be7 8. Bb5+ c6 9. Bd3 0-0 10. Qc2 Nbd7 11. Ne5 h6 1/2-1/2

[Event "Belgrade-chT"]
[Site "Belgrade"]
[Date "2014.09.24"]
[Round "5.5"]
[White "Marinkovic, Slavisa"]
[Black "Popovic, Aleksandar M"]
[Result "1-0"]
[WhiteElo "2391"]
[BlackElo "2300"]
[PlyCount "29"]
[EventDate "2014.09.20"]
[EventType "team-tourn"]
[EventRounds "11"]
[EventCountry "SRB"]
[SourceTitle "CBM 162 Extra"]
[Source "ChessBase"]
[SourceDate "2014.10.17"]
[SourceVersion "1"]
[SourceVersionDate "2014.10.17"]
[SourceQuality "1"]
[WhiteTeam "Belgrade Vodovod"]
[BlackTeam "Belgrade PTT"]
[WhiteTeamCountry "SRB"]
[BlackTeamCountry "SRB"]

1. e4 e5 2. Nf3 Nc6 3. d4 exd4 4. Nxd4 Nf6 5. Nc3 Bb4 6. Nxc6 bxc6 7. Bd3 0-0 8. 0-0 Bxc3 9. bxc3 Qe7 10. Qf3 h6 11. Bf4 d6 12. Rfe1 Ng4 13. e5 dxe5 14. h3 Qc5 15. Bg3 1-0

[Event "Belgrade-chT"]
[Site "Belgrade"]
[Date "2014.09.20"]
[Round "1.6"]
[White "Andrijevic, Milan"]
[Black "Marinkovic, Slavisa"]
[Result "1/2-1/2"]
[WhiteElo "2300"]
[BlackElo "2391"]
[PlyCount "25"]
[EventDate "2014.09.20"]
[EventType "team-tourn"]
[EventRounds "11"]
[EventCountry "SRB"]
[SourceTitle "CBM 162 Extra"]
[Source "ChessBase"]
[SourceDate "2014.10.17"]
[SourceVersion "1"]
[SourceVersionDate "2014.10.17"]
[SourceQuality "1"]
[WhiteTeam "Romanticari"]
[BlackTeam "Belgrade Vodovod"]
[WhiteTeamCountry "SRB"]
[BlackTeamCountry "SRB"]

1. e4 c5 2. Nf3 d6 3. d4 cxd4 4. Nxd4 Nf6 5. Nc3 a6 6. Be2 e5 7. Nb3 Be7 8. Be3 Be6 9. Nd5 Nbd7 10. Qd3 0-0 11. 0-0 Bxd5 12. exd5 Re8 13. c4 1/2-1/2

[Event "SRB-chT Central"]
[Site "Kragujevac"]
[Date "2013.09.19"]
[Round "8.5"]
[White "Perunovic, Miodrag"]
[Black "Marinkovic, Slavisa"]
[Result "0-1"]
[WhiteElo "2418"]
[BlackElo "2388"]
[PlyCount "118"]
[EventDate "2013.09.14"]
[EventType "team-tourn"]
[EventRounds "11"]
[EventCountry "SRB"]
[SourceTitle "CBM 156 Extra"]
[Source "ChessBase"]
[SourceDate "2013.10.22"]
[SourceVersion "1"]
[SourceVersionDate "2013.10.22"]
[SourceQuality "1"]
[WhiteTeam "Pozega"]
[BlackTeam "Vladimirci"]
[WhiteTeamCountry "SRB"]
[BlackTeamCountry "SRB"]

1. e4 e6 2. d4 d5 3. Nc3 Nf6 4. Bg5 dxe4 5. Nxe4 Be7 6. Bxf6 gxf6 7. Nf3 b6 8. Bb5+ c6 9. Bc4 Bb7 10. Qe2 Nd7 11. 0-0-0 Qc7 12. Kb1 0-0-0 13. Ba6 Bxa6 14. Qxa6+ Kb8 15. Rhe1 Rhe8 16. g3 Nf8 17. c4 f5 18. Nc3 Bb4 19. Re3 Bxc3 20. Rxc3 e5 21. d5 Ne6 22. Rcc1 Nc5 23. Qa3 cxd5 24. cxd5 Qb7 25. d6 Rd7 26. Nh4 Re6 27. Ka1 Rexd6 28. Rxd6 Rxd6 29. Nxf5 Rd3 30. Qb4 Qe4 31. Qxe4 Nxe4 32. Ne7 Kb7 33. f4 exf4 34. gxf4 Rd2 35. h4 Nc5 36. Nf5 a5 37. Nh6 f6 38. Ng4 Nd3 39. Rb1 f5 40. Ne3 Rf2 41. a3 Rxf4 42. Rd1 Nc5 43. Kb1 Rxh4 44. Nxf5 Rh2 45. Rd6 Na4 46. Rh6 Rxh6 47. Nxh6 Kc6 48. Kc2 Kd5 49. b3 Nc5 50. Kc3 Ne4+ 51. Kd3 Nd6 52. Ng4 Ke6 53. a4 h5 54. Ne3 Ke5 55. Ng2 Nf5 56. b4 axb4 57. Kc4 Ke4 58. Kxb4 Kf3 59. Ne1+ Kg3 0-1

[Event "SRB-chT Central"]
[Site "Kragujevac"]
[Date "2013.09.15"]
[Round "2.5"]
[White "Marinkovic, Slavisa"]
[Black "Zajic, Milan"]
[Result "1/2-1/2"]
[WhiteElo "2388"]
[BlackElo "2302"]
[PlyCount "131"]
[EventDate "2013.09.14"]
[EventType "team-tourn"]
[EventRounds "11"]
[EventCountry "SRB"]
[SourceTitle "CBM 156 Extra"]
[Source "ChessBase"]
[SourceDate "2013.10.22"]
[SourceVersion "1"]
[SourceVersionDate "2013.10.22"]
[SourceQuality "1"]
[WhiteTeam "Vladimirci"]
[BlackTeam "Paracin"]
[WhiteTeamCountry "SRB"]
[BlackTeamCountry "SRB"]

1. e4 e6 2. d4 d5 3. Nd2 Nc6 4. Ngf3 Nf6 5. e5 Nd7 6. Be2 Be7 7. Nf1 0-0 8. Ne3 f6 9. exf6 Nxf6 10. 0-0 Bd6 11. c4 b6 12. b3 Bb7 13. Bb2 Ne7 14. Ne5 c5 15. Bf3 Qc7 16. cxd5 Bxe5 17. dxe5 Nfxd5 18. Nc4 Nf5 19. Be4 Nf4 20. Qc2 Rad8 21. Rad1 Bd5 22. Bc1 Nd4 23. Rxd4 cxd4 24. Bxh7+ Kh8 25. Bxf4 Rxf4 26. Nd6 Qe7 27. Qd2 Rh4 28. Bd3 Rf8 29. f4 Rg4 30. Be4 Bxe4 31. Nxe4 d3 32. g3 Rg6 33. Qxd3 Rh6 34. Rd1 Qf7 35. Qe2 Qc7 36. Rd2 Kg8 37. Ng5 Rd8 38. Rxd8+ Qxd8 39. h4 Qd4+ 40. Kh2 Kf8 41. Qa6 Qd7 42. Qc4 Qd2+ 43. Kh3 Qd7 44. Ne4 Rh8 45. Nd6 g6 46. b4 Kg7 47. b5 Qe7 48. Qc6 Rd8 49. Kg4 Rh8 50. Kf3 Rd8 51. Kg4 Rh8 52. Ne4 Rf8 53. Ng5 Re8 54. h5 gxh5+ 55. Kxh5 Rh8+ 56. Kg4 Rh6 57. a3 Rg6 58. Qc8 Rh6 59. a4 Rg6 60. Qc4 Qd7 61. Kf3 Qd1+ 62. Kf2 Qd2+ 63. Kf3 Qd1+ 64. Kf2 Qd2+ 65. Kf3 Qd1+ 66. Kf2 1/2-1/2

[Event "SRB-chT"]
[Site "Vrnjacka Banja"]
[Date "2012.10.05"]
[Round "9.2"]
[White "Marinkovic, Slavisa"]
[Black "Boskovic, Drasko"]
[Result "0-1"]
[WhiteElo "2398"]
[BlackElo "2431"]
[PlyCount "106"]
[EventDate "2012.09.29"]
[EventType "team-tourn"]
[EventRounds "11"]
[EventCountry "SRB"]
[SourceTitle "CBM 150 Extra"]
[Source "ChessBase"]
[SourceDate "2012.10.19"]
[SourceVersion "1"]
[SourceVersionDate "2012.10.19"]
[SourceQuality "1"]
[WhiteTeam "Vladimirci"]
[BlackTeam "Uzice Sloboda"]
[WhiteTeamCountry "SRB"]
[BlackTeamCountry "SRB"]

1. e4 c5 2. Nf3 Nc6 3. d4 cxd4 4. Nxd4 g6 5. c4 Nf6 6. Nc3 d6 7. Be2 Nxd4 8. Qxd4 Bg7 9. Be3 0-0 10. Qd2 a5 11. 0-0 a4 12. Rad1 Qa5 13. Bd4 Be6 14. f4 Rfc8 15. b3 axb3 16. axb3 Kh8 17. f5 Bd7 18. Qe3 Bc6 19. Nd5 Bxd5 20. exd5 Qc7 21. g4 Kg8 22. g5 Nd7 23. Bxg7 Kxg7 24. fxg6 hxg6 25. Qxe7 Ne5 26. Qf6+ Kg8 27. Rf4 Qd8 28. Qxd8+ Rxd8 29. b4 b6 30. Rc1 Ra4 31. Rb1 Ra2 32. Bf1 Rc8 33. Rf6 Rd8 34. Rf2 Ra3 35. Rc1 Nf3+ 36. Kh1 Nxg5 37. Bg2 Re8 38. c5 bxc5 39. bxc5 dxc5 40. Rxc5 Ra1+ 41. Rf1 Ree1 42. Kg1 Ne4 43. Rc2 Rxf1+ 44. Bxf1 Rd1 45. Kg2 Rxd5 46. Bc4 Rd7 47. Kf3 Nf6 48. Ra2 Kg7 49. Ra5 Rc7 50. Ba2 Nh5 51. h4 Kh6 52. Ra8 Rd7 53. Bc4 Rd4 0-1

[Event "SRB-chT"]
[Site "Vrnjacka Banja"]
[Date "2012.10.02"]
[Round "5.2"]
[White "Mista, Aleksander"]
[Black "Marinkovic, Slavisa"]
[Result "1-0"]
[WhiteElo "2543"]
[BlackElo "2398"]
[PlyCount "81"]
[EventDate "2012.09.29"]
[EventType "team-tourn"]
[EventRounds "11"]
[EventCountry "SRB"]
[SourceTitle "CBM 150 Extra"]
[Source "ChessBase"]
[SourceDate "2012.10.19"]
[SourceVersion "1"]
[SourceVersionDate "2012.10.19"]
[SourceQuality "1"]
[WhiteTeam "Goracici Jelica"]
[BlackTeam "Vladimirci"]
[WhiteTeamCountry "SRB"]
[BlackTeamCountry "SRB"]

1. e4 e6 2. d4 d5 3. Nd2 Nf6 4. e5 Nfd7 5. Bd3 c5 6. c3 Nc6 7. Ne2 cxd4 8. cxd4 f6 9. exf6 Nxf6 10. 0-0 Bd6 11. Nf3 0-0 12. Bf4 Bxf4 13. Nxf4 Ne4 14. g3 Qf6 15. h4 h6 16. Bxe4 dxe4 17. Ne5 Rd8 18. Nxc6 bxc6 19. Qa4 Qxd4 20. Qxc6 Bd7 21. Qc2 Rac8 22. Qe2 Qe5 23. Rfe1 Bc6 24. Rac1 Bd5 25. b3 Rc7 26. Rxc7 Qxc7 27. Rd1 Qe5 28. Qe3 Rd7 29. Rc1 Rc7 30. Ng6 Rxc1+ 31. Qxc1 Qb8 32. Qc5 e3 33. Qxe3 Qc7 34. Nf4 Qc2 35. Nxd5 Qd1+ 36. Kg2 exd5 37. Qxa7 d4 38. Qa8+ Kh7 39. Qe4+ Kh8 40. g4 d3 41. g5 1-0

[Event "MNT-chT"]
[Site "Cetinje"]
[Date "2012.08.08"]
[Round "6"]
[White "Marinkovic, Slavisa"]
[Black "Tadic, Branko"]
[Result "0-1"]
[WhiteElo "2406"]
[BlackElo "2517"]
[PlyCount "54"]
[EventDate "2012.08.03"]
[EventType "team-tourn"]
[EventRounds "9"]
[EventCountry "MNE"]
[SourceTitle "CBM 149 Extra"]
[Source "ChessBase"]
[SourceDate "2012.08.24"]
[SourceVersion "1"]
[SourceVersionDate "2012.08.24"]
[SourceQuality "1"]

1. e4 d6 2. d4 Nf6 3. Nc3 e5 4. Nf3 Nbd7 5. Bc4 Be7 6. 0-0 0-0 7. Re1 a6 8. a4 b6 9. b3 Bb7 10. Bb2 c6 11. Bd3 Re8 12. Nb1 Bf8 13. Nbd2 exd4 14. Nxd4 g6 15. N4f3 Qc7 16. Nc4 b5 17. axb5 cxb5 18. Ncd2 Bg7 19. Bd4 Nc5 20. b4 Ne6 21. c3 Nxd4 22. cxd4 Rac8 23. Qb1 Bh6 24. Ra2 Qb6 25. Nb3 Rc3 26. Na5 Ba8 27. d5 Bxd5 0-1

[Event "MNT-chT"]
[Site "Cetinje"]
[Date "2012.08.04"]
[Round "2"]
[White "Jakovljevic, Vlado"]
[Black "Marinkovic, Slavisa"]
[Result "1/2-1/2"]
[WhiteElo "2410"]
[BlackElo "2406"]
[PlyCount "147"]
[EventDate "2012.08.03"]
[EventType "team-tourn"]
[EventRounds "9"]
[EventCountry "MNE"]
[SourceTitle "CBM 149 Extra"]
[Source "ChessBase"]
[SourceDate "2012.08.24"]
[SourceVersion "1"]
[SourceVersionDate "2012.08.24"]
[SourceQuality "1"]

1. Nf3 Nf6 2. c4 b6 3. g3 c5 4. Bg2 Bb7 5. 0-0 g6 6. Nc3 Bg7 7. d4 cxd4 8. Qxd4 d6 9. Rd1 Nbd7 10. Be3 a6 11. Rac1 Rc8 12. b3 0-0 13. Qh4 Rc7 14. Bh3 Qb8 15. g4 e6 16. g5 Ne8 17. Ne4 d5 18. cxd5 Bxd5 19. Bg2 Qb7 20. Nfd2 Bb2 21. Rb1 Bg7 22. Nc4 b5 23. Bd2 Qa8 24. Ne3 f5 25. gxf6 Nexf6 26. Nxd5 exd5 27. Ng5 Re8 28. Ba5 Rc2 29. Rxd5 Qc8 30. Rdd1 h6 31. Ne4 g5 32. Nxf6+ Nxf6 33. Qg3 Rcxe2 34. a4 Qf5 35. Qf3 Qe6 36. axb5 axb5 37. Re1 Rxe1+ 38. Rxe1 Qd7 39. Rd1 Qe6 40. Qc6 Qf5 41. Qf3 Qc2 42. Qd3 Re2 43. Qxc2 Rxc2 44. Bf1 Ne4 45. Rd8+ Kf7 46. Rd7+ Kg8 47. Bd3 Rc1+ 48. Kg2 Nc5 49. Rd8+ Kf7 50. Bxb5 Nxb3 51. Bb6 Nc5 52. Rd5 Ne6 53. Rd7+ Kf6 54. Be3 Rc7 55. Rd6 Bf8 56. Ra6 Ke5 57. Bf1 Bc5 58. Bc4 Bxe3 59. Rxe6+ Kf5 60. fxe3 Rxc4 61. Rxh6 Rc3 62. Kf2 Rc2+ 63. Kg3 Rc3 64. Kf2 Rc2+ 65. Kf3 g4+ 66. Kg3 Re2 67. Rh5+ Kg6 68. Re5 Kf6 69. Re4 Kf5 70. Rf4+ Ke5 71. Rxg4 Rxe3+ 72. Kh4 Kf6 73. h3 Re8 74. Ra4 1/2-1/2

[Event "SRB-chT2 West CS"]
[Site "Serbia"]
[Date "2011.10.15"]
[Round "10.5"]
[White "Colovic, Dusan"]
[Black "Marinkovic, Slavisa"]
[Result "1/2-1/2"]
[WhiteElo "2346"]
[BlackElo "2414"]
[PlyCount "21"]
[EventDate "2011.09.11"]
[EventType "team"]
[EventRounds "11"]
[EventCountry "SRB"]
[SourceTitle "EXT 2015"]
[Source "ChessBase"]
[SourceDate "2014.11.20"]
[SourceVersion "1"]
[SourceVersionDate "2014.11.20"]
[SourceQuality "1"]

1. d4 Nf6 2. c4 c5 3. d5 b5 4. cxb5 a6 5. bxa6 Bxa6 6. Nc3 d6 7. Nf3 g6 8. g3 Bg7 9. Bg2 0-0 10. 0-0 Nbd7 11. Re1 1/2-1/2

[Event "MNT CupT"]
[Site "Tivat"]
[Date "2011.05.01"]
[Round "4"]
[White "Kovacevic, Aleksandar"]
[Black "Marinkovic, Slavisa"]
[Result "1-0"]
[WhiteElo "2598"]
[BlackElo "2418"]
[PlyCount "57"]
[EventDate "2011.04.28"]
[EventType "team-tourn"]
[EventRounds "5"]
[EventCountry "MNE"]
[SourceTitle "CBM 142 Extra"]
[Source "ChessBase"]
[SourceDate "2011.06.27"]
[SourceVersion "1"]
[SourceVersionDate "2011.06.27"]
[SourceQuality "1"]

1. c4 e5 2. Nc3 Nc6 3. Nf3 g6 4. d4 exd4 5. Nxd4 Bg7 6. Nxc6 bxc6 7. g3 Ne7 8. Bg2 0-0 9. 0-0 Rb8 10. Qc2 Nf5 11. e3 Ba6 12. b3 d5 13. Rd1 Qf6 14. Bb2 dxc4 15. Na4 Qe7 16. Bxg7 Nxg7 17. Bxc6 cxb3 18. axb3 Bb7 19. Bxb7 Rxb7 20. Nc5 Rb5 21. Nd7 Rd8 22. Qxc7 Ne6 23. Qc6 Rxb3 24. Rxa7 Kg7 25. Kg2 h5 26. Nc5 Qxa7 27. Nxe6+ fxe6 28. Rxd8 Kf6 29. Qf3+ 1-0

[Event "SRB-chT"]
[Site "Belgrade"]
[Date "2010.10.06"]
[Round "6"]
[White "Mijailovic, Zoran"]
[Black "Marinkovic, Slavisa"]
[Result "1/2-1/2"]
[WhiteElo "2408"]
[BlackElo "2410"]
[PlyCount "24"]
[EventDate "2010.10.01"]
[EventType "team-tourn"]
[EventRounds "11"]
[EventCountry "YUG"]
[SourceTitle "CBM 138 Extra"]
[Source "ChessBase"]
[SourceDate "2010.10.29"]
[SourceVersion "1"]
[SourceVersionDate "2010.10.29"]
[SourceQuality "1"]

1. d4 Nf6 2. c4 g6 3. Nc3 d5 4. Bg5 Ne4 5. Bf4 Nxc3 6. bxc3 Bg7 7. e3 c5 8. Nf3 cxd4 9. cxd4 Nc6 10. cxd5 Qxd5 11. Be2 0-0 12. 0-0 Bf5 1/2-1/2